|
|
|
|
| LEADER |
00000nam0a2200000 4500 |
| 001 |
224606 |
| 005 |
20231101230613.0 |
| 010 |
|
|
|a 9785917181981
|
| 035 |
|
|
|a (RuTPU)RU\TPU\book\244921
|
| 090 |
|
|
|a 224606
|
| 100 |
|
|
|a 20121029d2012 m y0rusy50 ca
|
| 101 |
0 |
|
|a rus
|
| 102 |
|
|
|a RU
|
| 105 |
|
|
|a a j 001zy
|
| 200 |
1 |
|
|a Регулярные процессы и оборудование в технологиях сбора, подготовки и переработки нефтяных и природных газов
|e учебное пособие
|f Е. П. Запорожец [и др.]
|
| 210 |
|
|
|a Краснодар
|c Юг
|d 2012
|
| 215 |
|
|
|a 620 с.
|c ил.
|
| 320 |
|
|
|a Библиография в конце разделов.
|
| 330 |
|
|
|a Книга предназначена для студентов технических вузов и специалистов газовой и нефтяной промышленности. В книге кратко представлены: свойства и инженерные методы расчетов параметров индивидуальных углеводородов и их смесей; гидрогазомеханических процессов и оборудования; тепловых и массообменных процессов; описаны некоторые процессы синтеза жидкости из углеводородных газов. Приведены пути повышения эффективности процессов и оборудования. Настоящий том входит в серию книг под общим наименованием «Углеводородные природные и нефтяные газы». В этой серии излагаются знания, накопленные в ходе развития и становления газодобывающей и газоперерабатывающей подотрасли, сведения по особенностям технологий и техники добычи, сбора, подготовки и переработки углеводородных природных и нефтяных газов с получением моторных топлив.
|
| 606 |
1 |
|
|a Нефтяной газ
|x Сбор и хранение
|2 stltpush
|3 (RuTPU)RU\TPU\subj\45941
|9 65130
|
| 606 |
1 |
|
|a Газы природные
|x Переработка
|2 stltpush
|3 (RuTPU)RU\TPU\subj\33825
|
| 610 |
1 |
|
|a индивидуальные углеводороды
|
| 610 |
1 |
|
|a смеси
|
| 610 |
1 |
|
|a свойства
|
| 610 |
1 |
|
|a идеальные газы
|
| 610 |
1 |
|
|a реальные газы
|
| 610 |
1 |
|
|a физико-химические параметры
|
| 610 |
1 |
|
|a теплофизические параметры
|
| 610 |
1 |
|
|a многокомпонентные углеводородные системы
|
| 610 |
1 |
|
|a фазовое равновесие
|
| 610 |
1 |
|
|a кристаллогидраты
|
| 610 |
1 |
|
|a регулярные процессы
|
| 610 |
1 |
|
|a гидрогазомеханические процессы
|
| 610 |
1 |
|
|a гетерогенные системы
|
| 610 |
1 |
|
|a разделение
|
| 610 |
1 |
|
|a тепловые процессы
|
| 610 |
1 |
|
|a теплообменная аппаратура
|
| 610 |
1 |
|
|a холодильные процессы
|
| 610 |
1 |
|
|a массообменные процессы
|
| 610 |
1 |
|
|a абсорбция
|
| 610 |
1 |
|
|a дистилляция
|
| 610 |
1 |
|
|a ректификация
|
| 610 |
1 |
|
|a жидкостная экстракция
|
| 610 |
1 |
|
|a экстрагирование
|
| 610 |
1 |
|
|a адсорбция
|
| 610 |
1 |
|
|a жидкости
|
| 610 |
1 |
|
|a синтез
|
| 610 |
1 |
|
|a учебные пособия
|
| 675 |
|
|
|a 622.279.8(075.8)
|v 3
|
| 675 |
|
|
|a 665.62(075.8)
|v 3
|
| 701 |
|
1 |
|a Запорожец
|b Е. П.
|
| 701 |
|
1 |
|a Антониади
|b Д. Г.
|
| 701 |
|
1 |
|a Зиберт
|b Г. К.
|
| 701 |
|
1 |
|a Валиуллин
|b И. М.
|
| 701 |
|
1 |
|a Запорожец
|b Е. Е.
|
| 701 |
|
1 |
|a Гриценко
|b А. И.
|
| 701 |
|
1 |
|a Клюйко
|b В. В.
|
| 701 |
|
1 |
|a Савенок
|b О. В.
|
| 801 |
|
1 |
|a RU
|b 63413507
|c 20121029
|
| 801 |
|
2 |
|a RU
|b 63413507
|c 20160803
|g RCR
|
| 900 |
|
|
|a Процессы и агрегаты нефтегазовых технологий
|
| 942 |
|
|
|c BK
|
| 959 |
|
|
|a 139/20121029
|d 2
|e 1400,00
|f ЧЗТЛ:1
|f АНЛ:1
|
| 959 |
|
|
|a 51/20130304
|d 5
|e 1400,00
|f УФ:5
|